| 000 | 00887cam a2200301 a 4500 | ||
|---|---|---|---|
| 001 | 60604 | ||
| 003 | CO-BoRNBP | ||
| 005 | 20260313165207.0 | ||
| 007 | ta | ||
| 008 | 170912s2017 ck cr 000 jdspa | ||
| 020 | _a9789584261168 | ||
| 020 | _a9584261169 | ||
| 040 |
_aCO-BoBN _bspa _cCO-BoBN |
||
| 082 | 0 | 4 |
_aC ZUÑ _223 |
| 100 | 1 |
_aZúñiga, Érik, _d1987- |
|
| 245 | 1 | 4 |
_aLos monstruos no van a cine / _cÉrik Zúñiga |
| 250 | _a1a. impr. | ||
| 300 |
_a111 p. ; _c19 cm |
||
| 336 |
_2rdacontent _atexto _btxt |
||
| 337 |
_2rdamedia _asin mediación _bn |
||
| 338 |
_2rdacarrier _avolumen _bnc |
||
| 490 | 0 | _aPlaneta lector. Verde | |
| 500 | _aIncluye biografía del autor | ||
| 521 | 1 | _aPara niños desde 12 años en adelante | |
| 650 | 1 | 4 |
_aCuentos juveniles colombianos _ySiglo XXI _2LEMB |
| 942 |
_2ddc _cBKLITI |
||
| 990 |
_a2017-8343 _bEditorial Planeta Colombiana S.A. |
||
| 999 |
_c60604 _d60604 |
||